| 000 | 00417nam a2200181Ia 4500 | ||
|---|---|---|---|
| 003 | 0STCL | ||
| 008 | 150530s9999 xx 000 0 und d | ||
| 040 |
_aSTCL _cSTCL |
||
| 100 | _aBritannica | ||
| 245 | _aNew Encyclopeadia Britannica | ||
| 250 | _a15 | ||
| 260 |
_bHelen Hemingway Benton ; Chicago _c1983 |
||
| 300 | _a1026 | ||
| 546 | _aEnglish | ||
| 942 |
_2ddc _cBK |
||
| 999 |
_c1754 _d1754 |
||
| 005 | 20220125160227.0 | ||